Fonctions de plusieurs variables complexes II : (Record no. 227635)

MARC details
000 -LEADER
fixed length control field 01052nam a2200301 a 4500
001 - CONTROL NUMBER
control field vtls000224811
003 - CONTROL NUMBER IDENTIFIER
control field NLI
005 - DATE AND TIME OF LATEST TRANSACTION
control field 20210602122535.0
008 - FIXED-LENGTH DATA ELEMENTS--GENERAL INFORMATION
fixed length control field 101126s1975 gw 001 0 fre
020 ## - INTERNATIONAL STANDARD BOOK NUMBER
International Standard Book Number 0387073973 :
Terms of availability USD 31.00
039 #9 - LEVEL OF BIBLIOGRAPHIC CONTROL AND CODING DETAIL [OBSOLETE]
-- 201011260159
-- VLOAD
040 0# - CATALOGING SOURCE
Original cataloging agency NLI
Language of cataloging fre
Transcribing agency Datasoft 1
Description conventions AACR2
041 0# - LANGUAGE CODE
Language code of text/sound track or separate title fre
044 ## - COUNTRY OF PUBLISHING/PRODUCING ENTITY CODE
MARC country code gw
082 04 - DEWEY DECIMAL CLASSIFICATION NUMBER
Classification number 510.82
245 00 - TITLE STATEMENT
Title Fonctions de plusieurs variables complexes II :
Remainder of title Seminaire Francois Norguet, Janvier 1974-juin 1975 /
Statement of responsibility, etc. edited by par Francois Norguet
260 ## - PUBLICATION, DISTRIBUTION, ETC.
Place of publication, distribution, etc. Berlin :
Name of publisher, distributor, etc. Springer-Verlag,
Date of publication, distribution, etc. 1975
300 ## - PHYSICAL DESCRIPTION
Extent ix, 367 p. ;
Dimensions 25 cm.
440 #0 - SERIES STATEMENT/ADDED ENTRY--TITLE
Title Lecture notes in mathematics ;
Volume/sequential designation 482
9 (RLIN) 149639
500 ## - GENERAL NOTE
General note Includes index
650 #0 - SUBJECT ADDED ENTRY--TOPICAL TERM
Topical term or geographic name entry element Functions of several complex variables
9 (RLIN) 132569
700 1# - ADDED ENTRY--PERSONAL NAME
Personal name Norguet, par Francois,
Dates associated with a name 1929-,
Relationship edt
9 (RLIN) 414147
887 ## - NON-MARC INFORMATION FIELD
Content of non-MARC field
901 ## - LOCAL DATA ELEMENT A, LDA (RLIN)
a 441624
b 22.02.1978
902 ## - LOCAL DATA ELEMENT B, LDB (RLIN)
a E/O 510.82 L 497 no.482
942 ## - ADDED ENTRY ELEMENTS (KOHA)
Source of classification or shelving scheme Dewey Decimal Classification
Koha item type Books
Holdings
Withdrawn status Lost status Damaged status Not for loan Collection code Home library Current library Shelving location Date acquired Total Checkouts Full call number Date last seen Price effective from Koha item type
        New English Oversized National Library of India National Library of India New English Oversized - Main Stack Division     E/O 510.82 L 497 no.482 02/06/2021 02/06/2021 Books
                                                                           
web counter

Copyright ©2020 The National Library of India, Govt. of India ↔ Hosted by NVLI, MOC ↔ Technology and Design by National Library of India, Ministry of Culture, Govt. of India